Statistics for "Kingdom of" countries

Click here to take the quiz!

General Stats

  • This quiz has been taken 15 times
  • The average score is 10 of 16

Answer Stats

Answer% Correct
Sweden
100%
Saudi Arabia
93%
Denmark
87%
Norway
80%
Belgium
73%
Netherlands
73%
Spain
73%
Thailand
73%
Bahrain
60%
Jordan
53%
Tonga
53%
Cambodia
47%
Lesotho
40%
Morocco
40%
Bhutan
33%
Swaziland
27%

Score Distribution

Percentile by Number Answered

Percent of People with Each Score

Your Score History

You have not taken this quiz